|
|
|
|
| LEADER |
00000cam a2200000 7i4500 |
| 001 |
0000013328 |
| 005 |
20080111.0 |
| 008 |
080111 |
| 020 |
|
|
|a 9830461440
|
| 090 |
0 |
0 |
|a 297.5
|b MUH
|
| 100 |
0 |
|
|a Muhammad Thalib
|
| 245 |
1 |
0 |
|a Dosa-dosa besar
|c Muhammad Thalib
|
| 260 |
|
|
|a Kuala Lumpur :
|b Darul Nu'Man ,
|c 2003
|
| 650 |
|
0 |
|a Islamic ethics
|
| 650 |
|
0 |
|a Sin ( Islam )
|
| 999 |
|
|
|a 0000358277
|b Book
|c Adult Collection
|e Cawangan Muar
|
| 999 |
|
|
|a 0000923296
|b Book
|c Adult Collection
|e Cawangan Bukit Gambir
|
| 999 |
|
|
|a 0000933700
|b Book
|c Adult Collection
|e Cawangan Tangkak
|
| 999 |
|
|
|a 0001007401
|b Book
|c Adult Collection
|e Perbadanan Perpustakaan Awam Johor
|
| 999 |
|
|
|a 0001007402
|b Book
|c Adult Collection
|e Perbadanan Perpustakaan Awam Johor
|
| 999 |
|
|
|a 0001007403
|b Book
|c Adult Collection
|e Perbadanan Perpustakaan Awam Johor
|